Formel 1 Fahrer an Bildern - Statistiken

Allgemein
  • Dieses Quiz wurde 379 mal gespielt
    305 seit der letzten Aktualisierung
  • Das Durchschnittsergebnis liegt bei 19 aus 24
Antwortstatistiken
Bildquiz Antwort % Korrekt
Lewis Hamilton
100%
Michael Schumacher
97%
Charles Leclerc
94%
Sebastian Vettel
92%
Lando Norris
90%
Ralf Schumacher
90%
Fernando Alonso
89%
Nico Rosberg
87%
Ayrton Senna
86%
Oscar Piastri
86%
Pierre Gasly
86%
Sergio Perez
86%
Valtteri Bottas
86%
Daniel Ricciardo
85%
Kevin Magnussen
83%
Niki Lauda
83%
Alain Prost
77%
Jos Verstappen
68%
Mika Häkkinen
64%
David Coulthard
62%
James Hunt
58%
Nigel Mansell
56%
Jackie Stewart
50%
Bruce McLaren
20%
Keine übereinstimmenden Quizze gefunden
Verteilung der Resultate
Anzahl Personen mit jedem Resultat
Perzentil nach korrekt beantworteten Fragen
Ihre Resultats-Entwicklung
Sie haben dieses Quiz seit der letzten Aktualisierung nicht gespielt